La formation en langues étrangères dans les universités en France, au Royaume-Uni et en Slovaquie diplomová práca

Gespeichert in:
Bibliographische Detailangaben
1. Verfasser: Bugalová, Lenka
Körperschaft: Fakulta aplikovaných jazykov EU v Bratislave. Katedra románskych a slovanských jazykov
Weitere Verfasser: Rizeková, Iveta, 1961-
Format: Buch
Sprache:Französisch
Veröffentlicht: Bratislava 2017
Tags: Tag hinzufügen
Keine Tags, Fügen Sie das erste Tag hinzu!

MARC

LEADER 00000nbm a2200000 4500
001 0231455
005 20180213095851.6
041 0 |a fre 
044 |a SK 
245 1 0 |a La formation en langues étrangères dans les universités en France, au Royaume-Uni et en Slovaquie  |b diplomová práca  |c Lenka Bugalová ; školiteľ: Iveta Rizeková 
264 1 |a Bratislava  |c 2017 
300 |a 56 s. 
100 1 |a Bugalová, Lenka 
700 1 |a Rizeková, Iveta, 1961- 
710 2 |a Fakulta aplikovaných jazykov EU v Bratislave. Katedra románskych a slovanských jazykov